| 000 | 03154nam a22005057a 4500 | ||
|---|---|---|---|
| 003 | PE-LiUPU | ||
| 005 | 20250731180158.0 | ||
| 008 | 220915b |||||||| |||| 00| 0 spa d | ||
| 020 | _a9786124257773 | ||
| 040 |
_aPE-LiUPU _bspa _cPE-LiUPU _erda |
||
| 082 | 0 | 4 |
_223 _a515.353 _bB467e |
| 100 | 1 |
_aBenites Araujo, Juan, _d1936- _eautor |
|
| 245 | 1 | 0 |
_aEcuaciones en derivadas parciales : _bresolución de ecuaciones diferenciales en derivadas parciales para ciencias e ingeniería / _cJuan Benites Araujo, Jesús Avalos Rodríguez. |
| 250 | _aPrimera edición | ||
| 264 |
_aTrujillo : _bFondo Editorial de la Universidad Privada Antenor Orrego, _c2018 |
||
| 300 |
_aviii, 159 páginas. : _bilustraciones ; _c24 cm. |
||
| 490 | 0 | _aMatemática superior | |
| 500 | _aIncluye índice. | ||
| 504 | _aBibliografía: p. [161] | ||
| 505 | _aIntroducción -- Ecuaciones en Derivadas Parciales -- Orden de una ecuación en derivadas parciales -- Eliminación de constantes arbitrarias -- Eliminación de funciones arbitrarias -- Soluciones de algunas ecuaciones en derivadas parciales sencillas -- Resolución de ecuaciones en derivadas parciales por el método de separación de variables -- Método de separación de variables -- Ecuaciones diferenciales en derivadas parciales lineales y no lineales -- Ecuaciones diferenciales en derivadas parciales lineales -- Ecuaciones en derivadas parciales no lineales -- Ecuaciones homogéneas en derivadas parciales de orden superior con coeficientes constantes – (Ecuaciones homogéneas lineales de varias formas) -- Ecuación homogénea lineal con segundo miembro la función F(x,y). Métodos abreviados para obtener integrales particulares – Ecuaciones lineales no homogéneas en derivadas parciales coeficientes constantes -- Ecuaciones lineales no homogéneas reducibles -- Ecuaciones o homogéneas lineales múltiples -- Ecuaciones no homogéneas irreducibles con coeficientes constantes -- Ecuación lineal no homogénea reducible con segundo miembro F (x, y) -- Ecuación lineal no homogénea irreducible con segundo miembro F (x,y) -- Ecuaciones en derivadas parciales de Cauchy -- Ecuaciones en derivadas parciales con coeficientes variables -- GRUPO I -- GRUPO II -- 3. GRUPO III -- GRUPO IV – Respuestas. | ||
| 526 | _aSEG44 | ||
| 526 | _aSEG26 | ||
| 526 | _aP159 | ||
| 526 | _aP155 | ||
| 526 | _aP154 | ||
| 526 | _aP153 | ||
| 526 | _aP150 | ||
| 526 | _aP100 | ||
| 526 | _aP31 | ||
| 526 | _aP30 | ||
| 526 | _aP26 | ||
| 526 | _aP25 | ||
| 526 | _aP24 | ||
| 526 | _aP22 | ||
| 526 | _aP15 | ||
| 526 | _aP10 | ||
| 583 |
_aAdq. _bD.L. _c20190318 _kUniversidad Privada Antenor Orrego |
||
| 583 |
_aAdq. _bD.L. _c20190318 _kUniversidad Privada Antenor Orrego |
||
| 650 | 1 | 8 |
_aEcuaciones diferenciales parciales _xEstudio y enseñanza. |
| 650 | 2 | 8 |
_aEcuaciones diferenciales parciales _v-Problemas, ejercicios, etc. |
| 700 | 1 |
_aAvalos Rodríguez, Jesús, _d1984- |
|
| 710 | 2 | _aUniversidad Privada Antenor Orrego (Trujillo) | |
| 942 |
_2ddc _cBOOK _n0 |
||
| 980 |
_81 _gALBERTO SANCHEZ Responsable de Automatización _618226 _aJaime Vilcazán |
||
| 999 |
_c61568 _d61568 |
||